[Event "EWICC 2019"]
[Site "Antalya"]
[Date "2019.04.11"]
[Round "1.62"]
[White "Demirtas, Hafize"]
[Black "Osmanodja, Filiz"]
[Result "1/2-1/2"]
[WhiteElo "1888"]
[BlackElo "2292"]
[Annotator "ChessBase"]
[PlyCount "86"]
[EventDate "2019.04.11"]
[EventType "swiss"]
[EventCountry "TUR"]
[SourceTitle "playchess.com"]
[Source "ChessBase"]
[SourceQuality "1"]

1. e4 e5 2. Nf3 Nc6 3. Bc4 Bc5 4. O-O Nf6 5. d4 Bxd4 6. Nxd4 Nxd4 7. f4 d6 8. fxe5 dxe5 9. Bg5 Be6 10. Na3 Qe7 11. c3 Bxc4 12. Bxf6 gxf6 13. Nxc4 Ne6 14. Ne3 Qc5 15. Qd2 Ng5 16. Rae1 Nxe4 17. Qc2 Nd6 18. Rxf6 O-O-O 19. b4 Qb5 20. a4 Qd7 21. c4 Ne8 22. Rf5 f6 23. Nd5 Qe6 24. Qf2 Kb8 25. b5 Rg8 26. a5 Rg4 27. Nxf6 Nxf6 28. Rxf6 Qxc4 29. Rf8 Rg8 30. Rxg8 Rxg8 31. Rxe5 Qc3 32. Qe1 Qxe1+ 33. Rxe1 c6 34. bxc6 bxc6 35. Re7 h5 36. a6 Rc8 37. Kf2 c5 38. Rb7+ Ka8 39. Ke2 c4 40. Kd2 Rc6 41. Rb5 h4 42. Rh5 Rxa6 43. Rxh4 Ra2+ 1/2-1/2

[Event "EWICC 2019"]
[Site "Antalya"]
[Date "2019.04.11"]
[Round "1.63"]
[White "Babiy, Olga"]
[Black "Catal, Uktenur"]
[Result "1-0"]
[WhiteElo "2289"]
[BlackElo "1820"]
[Annotator "NA"]
[PlyCount "53"]
[EventDate "2019.04.11"]
[EventType "swiss"]
[EventCountry "TUR"]
[SourceTitle "playchess.com"]
[Source "ChessBase"]
[SourceQuality "1"]

1. e4 e6 2. d4 d5 3. Nc3 dxe4 4. Nxe4 Nd7 5. Nf3 Ngf6 6. Nxf6+ Nxf6 7. Bd3 c5 8. dxc5 Bxc5 9. Qe2 O-O 10. Bg5 Qc7 11. Bxf6 gxf6 12. O-O-O f5 13. Kb1 Kh8 14. h3 f6 15. g4 Bd7 16. Rhg1 Rae8 17. Qd2 Bc6 18. Nh4 f4 19. g5 e5 20. g6 Rg8 21. gxh7 Rxg1 22. Rxg1 e4 23. Qc3 Re5 24. Ng6+ Kxh7 25. Nxe5 Qxe5 26. Qc4 Qe8 27. Qxc5 1-0

[Event "EWICC 2019"]
[Site "Antalya"]
[Date "2019.04.11"]
[Round "1.64"]
[White "Oz, Irem Ezra"]
[Black "Exler, Veronika"]
[Result "0-1"]
[WhiteElo "1687"]
[BlackElo "2289"]
[Annotator "NA"]
[PlyCount "158"]
[EventDate "2019.04.11"]
[EventType "swiss"]
[EventCountry "TUR"]
[SourceTitle "playchess.com"]
[Source "ChessBase"]
[SourceQuality "1"]

1. e4 c6 2. d4 d5 3. Nd2 g6 4. exd5 cxd5 5. Ngf3 Bg7 6. c3 Nc6 7. Bd3 Nh6 8. O-O Bf5 9. Bxf5 Nxf5 10. Re1 Qc7 11. Nf1 O-O 12. Ne3 Nxe3 13. Bxe3 e6 14. Qd2 b5 15. Bh6 a5 16. Bxg7 Kxg7 17. Ne5 h6 18. h4 h5 19. Rac1 Rac8 20. Nxc6 Qxc6 21. Rc2 Qd6 22. b3 Rfd8 23. Qd3 Qb6 24. g3 Rc7 25. a3 b4 26. a4 bxc3 27. Rxc3 Rxc3 28. Qxc3 Rb8 29. Re3 Rb7 30. Qd2 Rc7 31. Rd3 Rc6 32. Qf4 Rc7 33. Qd2 Rc8 34. Qf4 Qc6 35. Qd2 Qc7 36. Kg2 Kh7 37. Kh2 Kg7 38. Kg2 Qb6 39. Qf4 Rc6 40. Kh2 Rc2 41. Rf3 Qc7 42. Qxc7 Rxc7 43. Rd3 Kf6 44. Kg2 e5 45. dxe5+ Kxe5 46. Kf3 d4 47. Ke2 Ke4 48. f3+ Kd5 49. Kd1 f6 50. Ke2 Rc2+ 51. Kf1 Rb2 52. Kg1 Kc5 53. g4 Rc2 54. gxh5 gxh5 55. Kf1 Rh2 56. Kg1 Rxh4 57. Kg2 Rf4 58. Kg3 Rf5 59. f4 Rd5 60. Kf3 f5 61. Kg3 Rd8 62. Kh4 Kd5 63. Kxh5 Ke4 64. Rd1 Kxf4 65. Kg6 Rd6+ 66. Kf7 d3 67. Ke7 Rd4 68. Ke6 d2 69. b4 axb4 70. a5 Ke3 71. a6 b3 72. a7 Ra4 73. Kxf5 Ke2 74. Rxd2+ Kxd2 75. Ke5 Rxa7 76. Kd4 b2 77. Kc4 b1=Q 78. Kd4 Qb4+ 79. Kd5 Ra5+ 0-1

[Event "EWICC 2019"]
[Site "Antalya"]
[Date "2019.04.12"]
[Round "2.1"]
[White "Dzagnidze, Nana"]
[Black "Vega Gutierrez, Sabrina"]
[Result "1/2-1/2"]
[WhiteElo "2513"]
[BlackElo "2391"]
[Annotator "ChessBase"]
[PlyCount "110"]
[EventDate "2019.04.11"]
[EventType "swiss"]
[EventCountry "TUR"]
[SourceTitle "playchess.com"]
[Source "ChessBase"]
[SourceQuality "1"]

1. e4 c5 2. Nf3 Nc6 3. Bb5 g6 4. O-O Bg7 5. Bxc6 dxc6 6. d3 Nf6 7. Nc3 Bg4 8. h3 Bxf3 9. Qxf3 Nd7 10. Be3 e5 11. a4 Qe7 12. a5 Nf8 13. Na4 Ne6 14. Qe2 O-O 15. f3 Rfb8 16. Qf2 Bf8 17. g3 b5 18. axb6 axb6 19. f4 exf4 20. gxf4 f5 21. e5 Ra7 22. Nc3 Rba8 23. Rxa7 Rxa7 24. Ne2 Ra2 25. Rb1 Qa7 26. Kh2 Ra1 27. Qg1 Rxb1 28. Qxb1 Kf7 29. Kg3 Be7 30. h4 Qa4 31. Nc3 Qa6 32. h5 gxh5 33. Qh1 h4+ 34. Kh3 Qc8 35. Qg2 Qe8 36. Ne2 Kf8 37. Ng1 Qh5 38. Nf3 Kf7 39. d4 Qg6 40. Qxg6+ hxg6 41. c3 cxd4 42. cxd4 Nc7 43. Nxh4 Nd5 44. Ng2 Ke6 45. Bd2 c5 46. dxc5 Bxc5 47. Kh4 Be7+ 48. Kg3 Nc7 49. Nh4 Bxh4+ 50. Kxh4 Kf7 51. Kg5 Kg7 52. Be3 b5 53. Kh4 Kf7 54. Kg5 Kg7 55. Kh4 Kf7 1/2-1/2

[Event "EWICC 2019"]
[Site "Antalya"]
[Date "2019.04.12"]
[Round "2.2"]
[White "Badelka, Olga"]
[Black "Khotenashvili, Bela"]
[Result "1/2-1/2"]
[WhiteElo "2381"]
[BlackElo "2479"]
[Annotator "TA"]
[PlyCount "38"]
[EventDate "2019.04.11"]
[EventType "swiss"]
[EventCountry "TUR"]
[SourceTitle "playchess.com"]
[Source "ChessBase"]
[SourceQuality "1"]

1. c4 c5 2. Nf3 Nc6 3. d4 cxd4 4. Nxd4 g6 5. e4 Nf6 6. Nc3 d6 7. Be2 Nxd4 8. Qxd4 Bg7 9. Bg5 O-O 10. Qd2 Be6 11. Rc1 Qa5 12. f3 Rfc8 13. b3 a6 14. Na4 Qd8 15. Be3 Nd7 16. O-O Rab8 17. Ba7 Ra8 18. Be3 Rab8 19. Ba7 Ra8 1/2-1/2

[Event "EWICC 2019"]
[Site "Antalya"]
[Date "2019.04.12"]
[Round "2.3"]
[White "Kashlinskaya, Alina"]
[Black "Majdan, Joanna"]
[Result "1/2-1/2"]
[WhiteElo "2477"]
[BlackElo "2377"]
[Annotator "ChessBase"]
[PlyCount "68"]
[EventDate "2019.04.11"]
[EventType "swiss"]
[EventCountry "TUR"]
[SourceTitle "playchess.com"]
[Source "ChessBase"]
[SourceQuality "1"]

1. d4 d6 2. e4 g6 3. Nc3 Bg7 4. Be3 a6 5. Nf3 b5 6. e5 Nd7 7. e6 fxe6 8. Ng5 Nb6 9. Bd3 Nf6 10. h4 Qd7 11. h5 gxh5 12. Bxh7 Qc6 13. Bg6+ Kd7 14. Qe2 b4 15. Nce4 Bb7 16. Bf4 Qc4 17. Nxf6+ exf6 18. Bd3 Qd5 19. Be4 Qxd4 20. Rd1 Qxb2 21. Bxb7 fxg5 22. Bxg5 Raf8 23. Bxa6 Qe5 24. Qxe5 Bxe5 25. Be2 Nd5 26. Rd3 Ra8 27. Rxh5 Rxh5 28. Bxh5 Rxa2 29. Bg4 Bc3+ 30. Kd1 Kc6 31. f4 Kc5 32. f5 exf5 33. Bxf5 Ra1+ 34. Ke2 Ra2 1/2-1/2

[Event "EWICC 2019"]
[Site "Antalya"]
[Date "2019.04.12"]
[Round "2.4"]
[White "Matnadze, Ana"]
[Black "Stefanova, Antoaneta"]
[Result "1/2-1/2"]
[WhiteElo "2367"]
[BlackElo "2464"]
[Annotator "ChessBase"]
[PlyCount "98"]
[EventDate "2019.04.11"]
[EventType "swiss"]
[EventCountry "TUR"]
[SourceTitle "playchess.com"]
[Source "ChessBase"]
[SourceQuality "1"]

1. Nf3 d5 2. g3 g6 3. Bg2 Bg7 4. d4 Nf6 5. O-O O-O 6. c4 c6 7. Nc3 dxc4 8. a4 Na6 9. e4 Bg4 10. Be3 Qc8 11. Qe2 Nb4 12. Qxc4 Nc2 13. Rac1 Nxe3 14. fxe3 a5 15. e5 Be6 16. Qe2 Nd5 17. Ng5 Nb4 18. Nxe6 Qxe6 19. Ne4 Na6 20. Rc3 f6 21. Rd1 Kh8 22. h4 Bh6 23. exf6 exf6 24. Nf2 f5 25. d5 cxd5 26. Bxd5 Qe7 27. Qb5 Nc7 28. Qxb7 Nxd5 29. Qxd5 Bxe3 30. Qd6 Qxd6 31. Rxd6 f4 32. gxf4 Rae8 33. Rdd3 Bxf4 34. Kg2 Re2 35. Rf3 Rxb2 36. Rc5 Kg7 37. Rxa5 Be3 38. Rxe3 Rfxf2+ 39. Kg3 Rg2+ 40. Kh3 Rh2+ 41. Kg3 Rbg2+ 42. Kf3 Rf2+ 43. Kg3 Rhg2+ 44. Kh3 h5 45. Ra7+ Kh6 46. Ree7 Rh2+ 47. Kg3 Rfg2+ 48. Kf3 Rf2+ 49. Kg3 Rfg2+ 1/2-1/2

[Event "EWICC 2019"]
[Site "Antalya"]
[Date "2019.04.12"]
[Round "2.5"]
[White "Ovod, Evgenija"]
[Black "Sebag, Marie"]
[Result "1-0"]
[WhiteElo "2367"]
[BlackElo "2461"]
[Annotator "ChessBase"]
[PlyCount "83"]
[EventDate "2019.04.11"]
[EventType "swiss"]
[EventCountry "TUR"]
[SourceTitle "playchess.com"]
[Source "ChessBase"]
[SourceQuality "1"]

1. d4 d5 2. Bf4 Nf6 3. e3 e6 4. c3 Bd6 5. Nd2 Bxf4 6. exf4 Qd6 7. g3 O-O 8. Bd3 b6 9. Qe2 a5 10. Ngf3 Ba6 11. Bxa6 Nxa6 12. O-O c5 13. Rfe1 Rfc8 14. h4 Nb8 15. Rad1 Nbd7 16. Nf1 c4 17. Ne5 h5 18. Nh2 b5 19. Nhf3 Nb6 20. Ng5 Rc7 21. Qc2 b4 22. Nexf7 Rxf7 23. Rxe6 Qd8 24. Qg6 Raa7 25. Rxf6 Qxf6 26. Qh7+ Kf8 27. Re1 g6 28. Qh6+ Kg8 29. Re8+ Rf8 30. Rxf8+ Qxf8 31. Qxg6+ Rg7 32. Qxb6 bxc3 33. bxc3 Qe8 34. Qxa5 Rd7 35. Qb6 Re7 36. Kg2 Qd7 37. Qg6+ Rg7 38. Qxh5 Qc6 39. f5 Ra7 40. Ne6 Qc8 41. Qg6+ Kh8 42. Ng5 1-0

[Event "EWICC 2019"]
[Site "Antalya"]
[Date "2019.04.12"]
[Round "2.6"]
[White "Narva, Mai"]
[Black "Cramling, Pia"]
[Result "1/2-1/2"]
[WhiteElo "2365"]
[BlackElo "2460"]
[Annotator "ChessBase"]
[PlyCount "82"]
[EventDate "2019.04.11"]
[EventType "swiss"]
[EventCountry "TUR"]
[SourceTitle "playchess.com"]
[Source "ChessBase"]
[SourceQuality "1"]

1. e4 c5 2. Nf3 Nc6 3. d4 cxd4 4. Nxd4 g6 5. Nc3 Bg7 6. Be3 Nf6 7. Bc4 O-O 8. Bb3 Re8 9. O-O d6 10. h3 Na5 11. Qd3 b6 12. f4 Nxb3 13. axb3 Bb7 14. Rfe1 a6 15. b4 Qc7 16. b5 a5 17. Ra4 Rac8 18. Nde2 Nd7 19. Qd2 Qb8 20. Rd1 Ba8 21. b3 Nc5 22. Rc4 Nxe4 23. Rxe4 Rxc3 24. Nxc3 Bxc3 25. Qxc3 Bxe4 26. Qd2 Rc8 27. Rc1 Qb7 28. c4 d5 29. Qf2 dxc4 30. bxc4 Bd3 31. Bxb6 Rxc4 32. Rxc4 Bxc4 33. Bxa5 Qxb5 34. Qb6 Qxb6+ 35. Bxb6 f6 36. Kf2 Kf7 37. Ke3 e5 38. fxe5 fxe5 39. h4 Ke6 40. g3 Kf5 41. Bc7 Bd5 1/2-1/2

[Event "EWICC 2019"]
[Site "Antalya"]
[Date "2019.04.12"]
[Round "2.7"]
[White "Shuvalova, Polina"]
[Black "Arakhamia-Grant, Ketevan"]
[Result "0-1"]
[WhiteElo "2457"]
[BlackElo "2360"]
[Annotator "ChessBase"]
[PlyCount "92"]
[EventDate "2019.04.11"]
[EventType "swiss"]
[EventCountry "TUR"]
[SourceTitle "playchess.com"]
[Source "ChessBase"]
[SourceQuality "1"]

1. e4 c5 2. Nf3 e6 3. g3 Nc6 4. Bg2 d5 5. exd5 exd5 6. d4 Nf6 7. O-O Be7 8. dxc5 O-O 9. a3 Bxc5 10. Nc3 h6 11. b4 Bb6 12. Na4 Bc7 13. Bb2 Ne4 14. Re1 Re8 15. Qd3 Bf5 16. Qb3 Qd6 17. Rad1 Rad8 18. Nd4 Nxd4 19. Bxd4 Qg6 20. Nb2 Bb6 21. Re3 Bxd4 22. Rxd4 Nf6 23. c4 dxc4 24. Qxc4 Be6 25. Rxd8 Rxd8 26. Qc3 Rc8 27. Qe1 Rc2 28. Nd3 Nd5 29. Ne5 Qh5 30. Bf3 Qh3 31. Rd3 Nf6 32. Bxb7 Qf5 33. Rf3 Qg5 34. Re3 Nd5 35. Bxd5 Bxd5 36. Qd1 Qf5 37. Nd3 Ra2 38. Nf4 Bc6 39. Qc1 Rc2 40. Qb1 g5 41. Rd3 Rd2 42. f3 Bd7 43. Qb3 Be6 44. Qc3 Rxd3 45. Nxd3 Qxf3 46. Qc2 Bh3 0-1

[Event "EWICC 2019"]
[Site "Antalya"]
[Date "2019.04.12"]
[Round "2.8"]
[White "Brunello, Marina"]
[Black "Paehtz, Elisabeth"]
[Result "1/2-1/2"]
[WhiteElo "2356"]
[BlackElo "2456"]
[Annotator "ChessBase"]
[PlyCount "111"]
[EventDate "2019.04.11"]
[EventType "swiss"]
[EventCountry "TUR"]
[SourceTitle "playchess.com"]
[Source "ChessBase"]
[SourceQuality "1"]

1. e4 e6 2. d4 d5 3. e5 c5 4. c3 Nc6 5. Nf3 Qb6 6. Be2 cxd4 7. cxd4 Nh6 8. Bd3 Bd7 9. Bc2 g5 10. h3 Nf5 11. Bxf5 exf5 12. O-O h6 13. Nc3 Be6 14. Na4 Qb5 15. h4 g4 16. Ne1 Be7 17. g3 Rc8 18. Be3 b6 19. Ng2 Na5 20. Nf4 Nc4 21. Nc3 Qa5 22. Qb3 Kd7 23. Rfc1 Rc6 24. Rc2 Nxe3 25. fxe3 Rhc8 26. Rac1 Rc4 27. a3 R8c6 28. Kf2 a6 29. Nb1 Rxc2+ 30. Rxc2 Rxc2+ 31. Qxc2 Qb5 32. Nc3 Qc4 33. Qa4+ Qxa4 34. Nxa4 Kc6 35. Nc3 a5 36. Ke2 Bf8 37. Kd2 Be7 38. Kc2 Bf8 39. Kb3 b5 40. Na2 Be7 41. Kc2 Bf8 42. Nc1 Be7 43. Nb3 Bd8 44. Nc5 Bc8 45. Kd2 Be7 46. Kc3 Bf8 47. Nh5 Be7 48. Nf6 Be6 49. Nh5 Bc8 50. Nf4 Bd8 51. Kd3 Be7 52. Kc2 Bd8 53. Kd1 Be7 54. Nfd3 Bd8 55. Ke2 Be7 56. Kd2 1/2-1/2

[Event "EWICC 2019"]
[Site "Antalya"]
[Date "2019.04.12"]
[Round "2.9"]
[White "Atalik, Ekaterina"]
[Black "Mammadova, Gulnar"]
[Result "1/2-1/2"]
[WhiteElo "2455"]
[BlackElo "2349"]
[Annotator "ChessBase"]
[PlyCount "86"]
[EventDate "2019.04.11"]
[EventType "swiss"]
[EventCountry "TUR"]
[SourceTitle "playchess.com"]
[Source "ChessBase"]
[SourceQuality "1"]

1. d4 e6 2. c4 b6 3. Nc3 Bb7 4. Nf3 f5 5. Bg5 Be7 6. Bxe7 Qxe7 7. e3 Nf6 8. Bd3 O-O 9. O-O a5 10. Rc1 Na6 11. a3 Kh8 12. Qe2 Qe8 13. Nd2 Qh5 14. Qxh5 Nxh5 15. Rb1 c5 16. Rfd1 Rab8 17. Bf1 Nf6 18. Nb5 Bc6 19. Nf3 cxd4 20. Nfxd4 Be4 21. Ra1 a4 22. f3 Ba8 23. b4 axb3 24. Nxb3 d5 25. N3d4 Nc5 26. Rab1 g6 27. Nc7 e5 28. Ndb5 dxc4 29. Bxc4 Rbd8 30. Nd6 Rd7 31. Nxa8 Rxa8 32. Bb5 Rc7 33. Nc4 Kg7 34. Rbc1 Ncd7 35. Bxd7 Rxd7 36. Re1 Re7 37. Rb1 Ra4 38. Rec1 Nd7 39. Rc3 Re6 40. Rd1 Ra7 41. Rcd3 Nc5 42. Rd5 Kf6 43. Rb1 Nd7 1/2-1/2

[Event "EWICC 2019"]
[Site "Antalya"]
[Date "2019.04.12"]
[Round "2.10"]
[White "Solozhenkina, Elizaveta"]
[Black "Pogonina, Natalija"]
[Result "1/2-1/2"]
[WhiteElo "2330"]
[BlackElo "2455"]
[Annotator "ChessBase"]
[PlyCount "136"]
[EventDate "2019.04.11"]
[EventType "swiss"]
[EventCountry "TUR"]
[SourceTitle "playchess.com"]
[Source "ChessBase"]
[SourceQuality "1"]

1. e4 e5 2. Nf3 Nc6 3. Nc3 Nf6 4. Bb5 Bd6 5. d3 h6 6. a3 a6 7. Ba4 O-O 8. g4 Nh7 9. Be3 Na5 10. b4 b5 11. bxa5 bxa4 12. Nxa4 Bb7 13. c4 Re8 14. h4 Bc6 15. Nc3 Qe7 16. Qc1 Rab8 17. Nd2 Bc5 18. Ke2 Rb7 19. Nd5 Qd6 20. Qc3 Nf8 21. Nb3 Bxe3 22. fxe3 Bxd5 23. cxd5 Reb8 24. Nd2 Rb2 25. Rab1 Rxb1 26. Nxb1 c6 27. dxc6 dxc6 28. Nd2 Nd7 29. Nc4 Qf6 30. d4 Qe6 31. Rg1 Nf6 32. Nxe5 Qa2+ 33. Kf3 Qh2 34. Qe1 Qc2 35. Qe2 Qxe4+ 36. Kf2 Rb3 37. Qf3 Qc2+ 38. Kg3 Ne4+ 39. Kh3 Nf2+ 40. Kg3 Ne4+ 41. Kh3 f6 42. Ng6 Nd2 43. Qf2 Qxg6 44. Qxd2 Qe4 45. Re1 Rxa3 46. Kg3 Kh8 47. h5 Rd3 48. Qb4 Rxe3+ 49. Rxe3 Qxe3+ 50. Kg2 Qf4 51. Kh3 Qf3+ 52. Kh4 Qe4 53. Kg3 Qe3+ 54. Kg2 Qf4 55. Kh3 Qf3+ 56. Kh4 Qg2 57. Qb8+ Kh7 58. Qf4 Qd5 59. Qf2 Kg8 60. Qe2 Qg5+ 61. Kh3 f5 62. Qe6+ Kf8 63. gxf5 Qxh5+ 64. Kg3 Qg5+ 65. Kf3 Qf6 66. Qxf6+ gxf6 67. Kg4 Kg7 68. Kh5 Kh7 1/2-1/2

[Event "EWICC 2019"]
[Site "Antalya"]
[Date "2019.04.12"]
[Round "2.11"]
[White "Batsiashvili, Nino"]
[Black "Sargsyan, Anna M."]
[Result "1/2-1/2"]
[WhiteElo "2453"]
[BlackElo "2327"]
[Annotator "ChessBase"]
[PlyCount "81"]
[EventDate "2019.04.11"]
[EventType "swiss"]
[EventCountry "TUR"]
[SourceTitle "playchess.com"]
[Source "ChessBase"]
[SourceQuality "1"]

1. c4 e5 2. Nc3 Nc6 3. Nf3 Nf6 4. e3 d5 5. cxd5 Nxd5 6. Bb5 Nxc3 7. bxc3 Bd6 8. d4 exd4 9. cxd4 O-O 10. O-O Bg4 11. h3 Bh5 12. Bb2 Qe7 13. Be2 f5 14. Qb3+ Kh8 15. Qxb7 Rab8 16. Qxc6 Rxb2 17. Bd1 g5 18. Qc3 g4 19. Ne5 Rb5 20. f4 gxf3 21. Bxf3 Rxe5 22. dxe5 Bxe5 23. Qe1 Bxf3 24. Rxf3 Bxa1 25. Qxa1+ Qg7 26. Qd4 Qxd4 27. exd4 Rd8 28. Rxf5 Rxd4 29. Ra5 Rd2 30. a4 Ra2 31. Rxa7 c5 32. Kf1 c4 33. Ke1 c3 34. Kd1 Rxg2 35. a5 Ra2 36. h4 h5 37. Kc1 c2 38. Kd2 Kg8 39. a6 Kh8 40. Kc1 Kg8 41. Kd2 1/2-1/2

[Event "EWICC 2019"]
[Site "Antalya"]
[Date "2019.04.12"]
[Round "2.12"]
[White "Bulmaga, Irina"]
[Black "Garcia Martin, Marta"]
[Result "1/2-1/2"]
[WhiteElo "2438"]
[BlackElo "2315"]
[Annotator "ChessBase"]
[PlyCount "57"]
[EventDate "2019.04.11"]
[EventType "swiss"]
[EventCountry "TUR"]
[SourceTitle "playchess.com"]
[Source "ChessBase"]
[SourceQuality "1"]

1. e4 e5 2. Nf3 Nc6 3. Bb5 a6 4. Ba4 d6 5. d4 b5 6. Bb3 Nxd4 7. Nxd4 exd4 8. Bd5 Rb8 9. Bc6+ Bd7 10. Bxd7+ Qxd7 11. Qxd4 Nf6 12. O-O Be7 13. c4 O-O 14. Nc3 c6 15. b3 Qe6 16. cxb5 axb5 17. Bb2 c5 18. Qd3 c4 19. bxc4 bxc4 20. Qc2 Qe5 21. Rab1 Ng4 22. g3 Qh5 23. h4 Bxh4 24. Nd5 Bd8 25. f3 Bb6+ 26. Nxb6 Qc5+ 27. Kh1 Qh5+ 28. Kg1 Qc5+ 29. Kh1 1/2-1/2

[Event "EWICC 2019"]
[Site "Antalya"]
[Date "2019.04.12"]
[Round "2.13"]
[White "Lubbe, Melanie"]
[Black "Ushenina, Anna"]
[Result "0-1"]
[WhiteElo "2304"]
[BlackElo "2432"]
[Annotator "NA"]
[PlyCount "126"]
[EventDate "2019.04.11"]
[EventType "swiss"]
[EventCountry "TUR"]
[SourceTitle "playchess.com"]
[Source "ChessBase"]
[SourceQuality "1"]

1. e4 c6 2. d4 d5 3. Nc3 dxe4 4. Nxe4 Bf5 5. Ng3 Bg6 6. h4 h6 7. Nf3 e6 8. Ne5 Bh7 9. Bd3 Bxd3 10. Qxd3 Nd7 11. f4 Be7 12. Bd2 Nxe5 13. fxe5 Bxh4 14. O-O-O Bxg3 15. Qxg3 Ne7 16. Qxg7 Rg8 17. Qxh6 Qd5 18. Bb4 Qxa2 19. g4 Nd5 20. Ba3 O-O-O 21. Qh3 Nb6 22. Qb3 Qxb3 23. cxb3 Rxg4 24. Bc5 Rdg8 25. Rdf1 R4g7 26. Rh3 Kd7 27. Rhf3 Ke8 28. Kd2 Rg2+ 29. R3f2 Nc8 30. Rxg2 Rxg2+ 31. Kc3 Rg3+ 32. Kc2 a5 33. Rf2 b6 34. Ba3 Na7 35. Rf4 Nb5 36. Rh4 Rf3 37. Rg4 Kd7 38. Bf8 Rf2+ 39. Kc1 Nc7 40. Bh6 Nd5 41. Bd2 Nb4 42. Kd1 Rf3 43. Rg7 Rf5 44. Be3 Nd5 45. Bd2 Kc7 46. Kc2 Kb7 47. Kd3 Ka6 48. Kc4 Rf2 49. Kd3 Kb5 50. Rh7 Rf3+ 51. Kc2 Nb4+ 52. Kd1 Nd5 53. Kc2 c5 54. dxc5 Kxc5 55. Rh4 Ne3+ 56. Kb1 Rf1+ 57. Bc1 Nf5 58. Rc4+ Kd5 59. Kc2 Nd4+ 60. Kd3 Nxb3 61. Be3 Rd1+ 62. Kc3 Nc5 63. Bxc5 Rc1+ 0-1

[Event "EWICC 2019"]
[Site "Antalya"]
[Date "2019.04.12"]
[Round "2.14"]
[White "Tsolakidou, Stavroula"]
[Black "Worek, Joanna"]
[Result "1/2-1/2"]
[WhiteElo "2429"]
[BlackElo "2299"]
[Annotator "ChessBase"]
[PlyCount "77"]
[EventDate "2019.04.11"]
[EventType "swiss"]
[EventCountry "TUR"]
[SourceTitle "playchess.com"]
[Source "ChessBase"]
[SourceQuality "1"]

1. Nf3 Nf6 2. c4 g6 3. Nc3 Bg7 4. e4 d6 5. d4 O-O 6. h3 e5 7. d5 a5 8. Be3 Na6 9. Nd2 Nd7 10. g4 Ndc5 11. Nb3 Nxb3 12. Qxb3 Kh8 13. g5 f5 14. h4 fxe4 15. h5 gxh5 16. Qd1 Bg4 17. Be2 Bf3 18. Bxf3 exf3 19. Ne4 Qe8 20. Qb3 a4 21. Qa3 b5 22. O-O-O bxc4 23. Ng3 Rb8 24. Nxh5 Nb4 25. Nxg7 Qg6 26. Qxa4 Kxg7 27. Rh4 Nd3+ 28. Rxd3 cxd3 29. Rh6 d2+ 30. Bxd2 Qd3 31. g6 hxg6 32. Qh4 Qf1+ 33. Kc2 Rxb2+ 34. Kxb2 Rb8+ 35. Kc3 Qa1+ 36. Kd3 Qf1+ 37. Kc3 Qa1+ 38. Kd3 Qf1+ 39. Ke4 1/2-1/2

[Event "EWICC 2019"]
[Site "Antalya"]
[Date "2019.04.12"]
[Round "2.15"]
[White "Maltsevskaya, Aleksandra"]
[Black "Gaponenko, Inna"]
[Result "1/2-1/2"]
[WhiteElo "2296"]
[BlackElo "2428"]
[Annotator "NA"]
[PlyCount "106"]
[EventDate "2019.04.11"]
[EventType "swiss"]
[EventCountry "TUR"]
[SourceTitle "playchess.com"]
[Source "ChessBase"]
[SourceQuality "1"]

1. d4 Nf6 2. Nf3 e6 3. c4 d5 4. Nc3 Be7 5. Bf4 O-O 6. a3 b6 7. Rc1 c5 8. e3 Bb7 9. Be2 cxd4 10. exd4 dxc4 11. Bxc4 a6 12. O-O b5 13. Ba2 Nbd7 14. d5 exd5 15. Nxd5 Nxd5 16. Bxd5 Bxd5 17. Qxd5 Nb6 18. Qb7 Bd6 19. Bxd6 Qxd6 20. Rc6 Rab8 21. Qxf7+ Rxf7 22. Rxd6 Nc4 23. Rxa6 Nxb2 24. Rb1 Nc4 25. h3 Rd7 26. Rb4 Rd1+ 27. Kh2 Nd2 28. Nxd2 Rxd2 29. a4 Rxf2 30. Rxb5 Rxb5 31. axb5 Rb2 32. Rb6 h5 33. Kg3 Kh7 34. Kf3 h4 35. Kg4 Rxg2+ 36. Kxh4 g6 37. Rc6 Kh6 38. b6 Rb2 39. Kg4 Rb4+ 40. Kf3 Rb3+ 41. Ke4 Rxh3 42. Ke5 Rb3 43. Kd6 g5 44. Kc7+ Kh5 45. b7 Rxb7+ 46. Kxb7 g4 47. Rc8 Kg5 48. Rf8 g3 49. Kc6 Kg4 50. Kd5 g2 51. Ke4 Kg3 52. Rg8+ Kf2 53. Rxg2+ Kxg2 1/2-1/2

[Event "EWICC 2019"]
[Site "Antalya"]
[Date "2019.04.12"]
[Round "2.16"]
[White "Exler, Veronika"]
[Black "Houska, Jovanka"]
[Result "0-1"]
[WhiteElo "2289"]
[BlackElo "2426"]
[Annotator "NA"]
[PlyCount "44"]
[EventDate "2019.04.11"]
[EventType "swiss"]
[EventCountry "TUR"]
[SourceTitle "playchess.com"]
[Source "ChessBase"]
[SourceQuality "1"]

1. d4 d5 2. c4 c6 3. Nf3 Nf6 4. g3 Bg4 5. Ne5 Bf5 6. cxd5 cxd5 7. Nc3 Nc6 8. f3 Rc8 9. g4 Bd7 10. Nxd7 Nxd7 11. Be3 e5 12. Nxd5 Qa5+ 13. Nc3 exd4 14. Bxd4 Nxd4 15. Qxd4 Be7 16. O-O-O O-O 17. Kb1 Nb6 18. g5 Rfd8 19. Qf2 Rxd1+ 20. Nxd1 Qd2 21. Nc3 Rxc3 22. Bh3 Qc2+ 0-1

[Event "EWICC 2019"]
[Site "Antalya"]
[Date "2019.04.12"]
[Round "2.17"]
[White "Kejzar, Petra"]
[Black "Salimova, Nurgyul"]
[Result "0-1"]
[WhiteElo "2082"]
[BlackElo "2415"]
[Annotator "NA"]
[PlyCount "92"]
[EventDate "2019.04.11"]
[EventType "swiss"]
[EventCountry "TUR"]
[SourceTitle "playchess.com"]
[Source "ChessBase"]
[SourceQuality "1"]

1. c4 e6 2. Nc3 d5 3. e3 c6 4. Nf3 Nf6 5. b3 Nbd7 6. Qc2 Bd6 7. Be2 a6 8. d4 O-O 9. Bb2 b5 10. O-O Bb7 11. Rfd1 Qb8 12. Rac1 Rc8 13. Qb1 bxc4 14. bxc4 dxc4 15. Bxc4 c5 16. Be2 cxd4 17. Rxd4 Ne5 18. Rh4 Ng6 19. Rh3 Be7 20. Bd3 Rd8 21. Ng5 Rxd3 22. Qxd3 h6 23. Nxf7 Kxf7 24. Rg3 Nh4 25. e4 Qf4 26. Ne2 Qxe4 27. Qxe4 Bxe4 28. f3 Bd5 29. Rc7 Nf5 30. Rh3 Ne8 31. Rc1 Bd8 32. Nc3 Rb8 33. Ba3 Bg5 34. f4 Bxf4 35. Rf1 g5 36. Nxd5 exd5 37. Rd3 Ke6 38. Re1+ Be5 39. g4 Nfd6 40. Rde3 Ne4 41. Rh3 Bg7 42. Rc1 Rb6 43. Rc8 Kd7 44. Ra8 Nc7 45. Rg8 Bd4+ 46. Kg2 Ne6 0-1

[Event "EWICC 2019"]
[Site "Antalya"]
[Date "2019.04.12"]
[Round "2.18"]
[White "Danielian, Elina"]
[Black "Babiy, Olga"]
[Result "1-0"]
[WhiteElo "2413"]
[BlackElo "2289"]
[Annotator "NA"]
[PlyCount "117"]
[EventDate "2019.04.11"]
[EventType "swiss"]
[EventCountry "TUR"]
[SourceTitle "playchess.com"]
[Source "ChessBase"]
[SourceQuality "1"]

1. d4 Nf6 2. c4 e6 3. Nc3 Bb4 4. Nf3 d5 5. Bg5 h6 6. Bxf6 Qxf6 7. Qa4+ Nc6 8. e3 dxc4 9. Bxc4 Bxc3+ 10. bxc3 O-O 11. O-O Bd7 12. Rab1 Rfd8 13. Qc2 Na5 14. Be2 c5 15. Ne5 Rac8 16. Qe4 Qe7 17. Bd3 g6 18. h4 Bc6 19. Qf4 Kg7 20. Qg3 Be8 21. h5 Qg5 22. Qxg5 hxg5 23. hxg6 f6 24. Nc4 Nxc4 25. Bxc4 cxd4 26. Bxe6 Rxc3 27. Rxb7+ Kxg6 28. g4 f5 29. Bxf5+ Kf6 30. exd4 Rxd4 31. Re1 Bf7 32. Rxa7 Bd5 33. Ra6+ Kg7 34. Rg6+ Kf7 35. Rd6 Kg7 36. Be6 Rcd3 37. Rxd5 Rxd5 38. Bxd5 Rxd5 39. Re4 Kf6 40. Ra4 Rc5 41. Kg2 Rd5 42. Kf3 Ke5 43. Re4+ Kf6 44. a4 Rd1 45. Rb4 Ra1 46. Ke4 Re1+ 47. Kd3 Ke5 48. f3 Rd1+ 49. Ke3 Re1+ 50. Kf2 Ra1 51. Rb5+ Kf6 52. Rf5+ Kg6 53. a5 Rd1 54. Ke3 Rc1 55. Kd4 Rc2 56. Rb5 Rf2 57. a6 Ra2 58. Rb6+ Kf7 59. Kd5 1-0